01396nam a2200361Ia 4500001001200000003000800012006001900020007001500039008004100054010001700095020002200112020002500134020001800159040002100177035002100198050002500219082001600244100001700260245011900277260004900396300002200445490005400467504006600521533015200587650001500739650001600754650002000770655002900790710001700819830005500836856012600891999001701017ebr10661623CaPaEBRm u cr cn|||||||||090928s2009 nyua sb 001 0 eng d z 2009037481 z1608765784 (pbk.) z9781608765782 (pbk.) z9781611224450 aCaPaEBRcCaPaEBR a(OCoLC)66951753414aTP156.P9bL55 2009eb04a662/.882221 aLi, Zhengqi.10aCorn straw and biomass blendsh[electronic resource] :bcombustion characteristics and NO formation /cZhengqi Li. aNew York :bNova Science Publishers,cc2009. ax, 113 p. :bill.1 aEnergy science, engineering and technology series aIncludes bibliographical references (p. [105]-108) and index. aElectronic reproduction.bPalo Alto, Calif. :cebrary,d2013.nAvailable via World Wide Web.nAccess may be limited to ebrary affiliated libraries. 0aPyrolysis. 0aCorn straw. 0aBiomass energy. 7aElectronic books.2local2 aebrary, Inc. 0aEnergy science, engineering and technology series.40uhttp://site.ebrary.com/lib/rucke/Doc?id=10661623zAn electronic book accessible through the World Wide Web; click to view c66908d66908